Virus (fotocopia) /

Guardado en:
Formato: Libro
Publicado: : , 1993
Materias:
Fc
Etiquetas: Agregar Etiqueta
Sin Etiquetas, Sea el primero en etiquetar este registro!
LEADER 00465nam a22001695a 4500
001 CEM.cems007695
005 20060214000000.0
008 130507s1993##################000#0#####d
003 CEMS
082 0 4 |a F001.6 
245 0 0 |a Virus (fotocopia) / 
260 |a  :  |b ,  |c 1993 
653 |a Computacion 
653 |a Fc 
653 |a Virus informaticos 
859 |a CEMS  |b BIB. CEMS - 11 de abril  |h F001.6  |i 9-3  |p 18.44  |t Ej.1 
859 |a CEMS  |b BIB. CEMS - 11 de abril  |h F001.6  |i 9-3  |p 19.44  |t Ej.2